000 00574nam a2200193Ia 4500
005 20260114185844.0
008 008 260114s9999 xx 000 0 eng d
020 _a9781472559616
037 _aEBOOK
040 _aCRL
_beng
_cCRL
041 _aeng
_2eng
084 _qCRL
100 _aCosmo Graham and Fiona Smith
_9875238
245 0 _aCompetition, Regulation and the New Economy
260 _bBloomsbury
_c2004
856 _uhttps://doi.org/10.5040/9781472559616?locatt=label:secondary_bloomsburyCollections
942 _cEBOOK
999 _c1474172
_d1474172